Career in law / (Record no. 137597)

MARC details
000 -LEADER
fixed length control field 00578nam a22001937a 4500
005 - DATE AND TIME OF LATEST TRANSACTION
control field 20170214172041.0
010 ## - LCCN (DPL NO)
LC control number ENG-117252
020 ## - INTERNATIONAL STANDARD BOOK NUMBER
Terms of availability 175.00
International Standard Book Number 9789351437369
035 ## - SYSTEM CONTROL NUMBER
System control number EN-100784
037 ## - SOURCE OF ACQUISITION
Source of stock number/acquisition DBAD/PUB
082 ## - DEWEY DECIMAL CLASSIFICATION NUMBER
Classification number 340.02354
100 ## - MAIN ENTRY--PERSONAL NAME
Personal name Arora,Manish
245 ## - TITLE STATEMENT
Title Career in law /
Statement of responsibility, etc by Manish Arora
250 ## - EDITION STATEMENT
Edition statement 7th ed
260 ## - PUBLICATION, DISTRIBUTION, ETC. (IMPRINT)
Place of publication, distribution, etc Gurgaon
Name of publisher, distributor, etc Lexis Nexis
Date of publication, distribution, etc 2016
270 ## - ADDRESS
Address 14th Floor Building N0-10,Tower-B,DLF Cyber City Phase-II
City Gurgaon (Haryana)
Postal code 122002
300 ## - PHYSICAL DESCRIPTION
Extent xvi,228p. :
Dimensions 22cm(pbk)
Other physical details ill
942 ## - ADDED ENTRY ELEMENTS (KOHA)
Source of classification or shelving scheme Dewey Decimal Classification
Item type English Books
Classification part 340.02354
Call number suffix ARO
Holdings
Withdrawn status Lost status Not for loan Collection code Home library Current library Date acquired Source of acquisition Cost, normal purchase price Full call number Barcode Copy number Cost, replacement price Koha item type
    Not For Loan Non-fiction D.B.Act.Division Bawana 14/02/2017 DBAD/PUB 175.00 340.02354 ARO EN-100784 1 175.00 English Books

© Delhi Public Library
Hit Counter
free hit counter